000 00663nam a2200253Ia 4500
008 170203s9999 xx 000 0 und d
020 _a1902947983
050 _a0 30
050 _bF235m 2000
100 _aFarndon, John.
245 _aModern history /
245 _cJohn Farndon.
260 _aGreat Bardfiel :
260 _bMiles Kelly.
260 _c2000
300 _a61 pages :
300 _bcolor illustrations, maps ;
300 _c31 cm.
440 _a1000 things you should know about.
500 _aIncludes index.
650 _aHistory, Modern -- Miscellanea --
650 _aHistory, Modern.
650 _xJuvenile literature.
999 _c305677
_d305677